Waiting for Godot : A tragicomedy in two acts

Waiting for Godot, written directly in French in 1948, has its world premiere on January 5, 1953, in Paris. The classic of modern theatre and perennial favorite of colleges and high schools. "One of the most noble and moving plays of our generation . . . suffused with tenderness for the whole h...

Popoln opis

Shranjeno v:
Bibliografske podrobnosti
Glavni avtor: Beckett, Samuel
Format: Knjiga
Jezik:Undetermined
Izdano: New York Grove Press [1954]
Teme:
Oznake: Označite
Brez oznak, prvi označite!
Thư viện lưu trữ: Trung tâm Học liệu Trường Đại học Cần Thơ
LEADER 00984nam a2200205Ia 4500
001 CTU_141343
008 210402s9999 xx 000 0 und d
082 |a 842.914 
082 |b B395 
100 |a Beckett, Samuel 
245 0 |a Waiting for Godot : 
245 2 |b A tragicomedy in two acts 
245 0 |c by Samuel Beckett. [Translated from his original French text by the author] 
260 |a New York 
260 |b Grove Press 
260 |c [1954] 
520 |a Waiting for Godot, written directly in French in 1948, has its world premiere on January 5, 1953, in Paris. The classic of modern theatre and perennial favorite of colleges and high schools. "One of the most noble and moving plays of our generation . . . suffused with tenderness for the whole human perplexity . . . like a sharp stab of beauty and pain."--The London Times. 
650 |a Văn học Pháp,Frech literature 
904 |i Trọng Hiếu 
980 |a Trung tâm Học liệu Trường Đại học Cần Thơ